| 000 | 01347cam a2200325 a 4500 | ||
|---|---|---|---|
| 001 | 1774 | ||
| 003 | FISKH | ||
| 005 | 20250620090205.0 | ||
| 008 | 940915s1995 ilua j 001 0 eng | ||
| 010 | _a 94035627 | ||
| 020 | _a051606035X | ||
| 040 |
_aDLC _cDLC _dDLC _beng |
||
| 042 | _alcac | ||
| 050 | 0 | 0 |
_aQC941.3 _b.F69 1995 |
| 082 | 0 | 0 |
_a551.55 _220 |
| 100 | 1 | _aFowler, Allan. | |
| 245 | 1 | 0 |
_aWhen a storm comes up / _cby Allan Fowler. |
| 260 |
_aChicago : _bChildrens Press, _c1995. |
||
| 300 |
_a31 pages : _bcolor illustrations ; _c19 cm. |
||
| 440 | 0 | _aRookie read-about science | |
| 505 | _aN | ||
| 520 | _aFrom friendly dolphins to giant pandas, from icebergs and glaciers to energy from the sun, from magnets to solids, liquids, and gases, Rookie Read-About Science is a natural addition to the primary-grade classroom with books that cover every part of the science curricula. Includes: animals, nature, scientific principles, the environment, weather, and much more! | ||
| 521 | 8 |
_a590
_bLexile NC |
|
| 521 | 8 |
_aN
_bRaz-Plus |
|
| 650 | 0 |
_aStorms _xJuvenile literature. |
|
| 650 | 1 | _aStorms. | |
| 906 |
_a7 _bcbc _corignew _d1 _eocip _f19 _gy-gencatlg |
||
| 942 |
_2ddc _cBK _n0 |
||
| 999 |
_c1774 _d1774 |
||